000
00334nam a22001457a 4500
008
230327b ||||| |||| 00| 0 eng d
020
_a
9780316128285
041
_a
eng
080
_2
FIRST EDITION
_a
159.9
082
_a
159.9CAR
100
_a
25
101
_a
PSI
245
_a
HANDBOOK FOR THE HEART
_c
CARLSON.R
942
_2
udc
_c
BK
999
_c
59458
_d
59458